|
|
|
|
| LEADER |
01117nam a2200217 a 4500 |
| 001 |
GR-MES14033 |
| 008 |
071203s gr 000 0 gre d |
| 020 |
|
|
|a 9606308847
|
| 040 |
|
|
|a GrPaTEI
|b gre
|c GR-PaULI
|
| 040 |
|
|
|a GrPaTEI
|b gre
|c GR-PaULI
|
| 082 |
|
0 |
|a 551.447
|2 21
|
| 245 |
0 |
0 |
|a Σπηλαιολογικός οδηγός Αιτωλοακαρνανίας ; επιμέλεια Ιωάννης Ζαβιτσανάκης.
|
| 260 |
|
|
|a Μεσολόγγι :
|b Ζαβιτσανάκης,
|c 2005
|
| 300 |
|
|
|a 241σ. :
|b εικ. ;
|c 24εκ.
|
| 650 |
|
4 |
|a Σπηλαιολογία
|
| 700 |
0 |
|
|a Ζαβιτσανάκης Ιωάννης
|
| 942 |
|
|
|2 ddc
|
| 952 |
|
|
|0 0
|1 0
|2 ddc
|4 0
|6 551_447000000000000_ΣΠΗ
|7 0
|9 272310
|a MSLG
|b MSLG
|c BSC
|d 2021-01-17
|e 24
|f 0
|g 0.00
|l 0
|o 551.447 ΣΠΗ
|p 2420000022963
|r 2021-01-17 00:00:00
|t 1
|w 2021-01-17
|y BK15
|x 20071203 0 1
|x GrPaTEI
|
| 952 |
|
|
|0 0
|1 0
|2 ddc
|4 0
|6 551_447000000000000_ΣΠΗ
|7 0
|9 272311
|a MSLG
|b MSLG
|c BSC
|d 2021-01-17
|e 24
|f 0
|g 0.00
|l 0
|o 551.447 ΣΠΗ
|p 2420000022964
|r 2021-01-17 00:00:00
|t 1
|w 2021-01-17
|y BK15
|x 20071203 0 1
|x GrPaTEI
|
| 971 |
|
|
|a .b25800826
|b 16-04-20
|c 13-09-16
|
| 999 |
|
|
|c 157433
|d 157433
|